000
00222nam a22000977a 4500
999
_c
263250
_d
263249
020
_a
9780545880916
100
_a
Santat Dan
245
_a
Beckie the Unimaginary friend
260
_a
New York
_b
Scholastic
_c
2014
942
_c
BK